<?xml version="1.0" encoding="UTF-8"?>
<record
    xmlns:xsi="http://www.w3.org/2001/XMLSchema-instance"
    xsi:schemaLocation="http://www.loc.gov/MARC21/slim http://www.loc.gov/standards/marcxml/schema/MARC21slim.xsd"
    xmlns="http://www.loc.gov/MARC21/slim">

  <leader>01037nam a22002777a 4500</leader>
  <datafield tag="999" ind1=" " ind2=" ">
    <subfield code="c">144321</subfield>
    <subfield code="d">144321</subfield>
  </datafield>
  <controlfield tag="005">20191213124549.0</controlfield>
  <datafield tag="010" ind1=" " ind2=" ">
    <subfield code="a">1718EN-30  ENG-121795</subfield>
  </datafield>
  <datafield tag="020" ind1=" " ind2=" ">
    <subfield code="a">9789332570986</subfield>
    <subfield code="c">989.00</subfield>
  </datafield>
  <datafield tag="035" ind1=" " ind2=" ">
    <subfield code="a">EN-105327</subfield>
  </datafield>
  <datafield tag="035" ind1=" " ind2=" ">
    <subfield code="a">B-731110</subfield>
  </datafield>
  <datafield tag="035" ind1=" " ind2=" ">
    <subfield code="a">B-683946-952</subfield>
  </datafield>
  <datafield tag="037" ind1=" " ind2=" ">
    <subfield code="b">BSB</subfield>
    <subfield code="a">dpl</subfield>
  </datafield>
  <datafield tag="037" ind1=" " ind2=" ">
    <subfield code="b">DBAD/PUB</subfield>
  </datafield>
  <datafield tag="082" ind1=" " ind2=" ">
    <subfield code="a">570</subfield>
  </datafield>
  <datafield tag="100" ind1=" " ind2=" ">
    <subfield code="a">Audesirk, Gerald</subfield>
  </datafield>
  <datafield tag="245" ind1=" " ind2=" ">
    <subfield code="a">Biology :</subfield>
    <subfield code="c">by Gerald Audesirk, Teresa Audesirk [and] Bruce E. Byers</subfield>
    <subfield code="b">life on earth with physiology / </subfield>
  </datafield>
  <datafield tag="250" ind1=" " ind2=" ">
    <subfield code="a">10th ed</subfield>
  </datafield>
  <datafield tag="260" ind1=" " ind2=" ">
    <subfield code="c">2016</subfield>
    <subfield code="a">Noida </subfield>
    <subfield code="b">Pearson India</subfield>
  </datafield>
  <datafield tag="270" ind1=" " ind2=" ">
    <subfield code="a">15th Floor,, Tower-B, World Trade, Plot No.1, Block-C, Sector-16,</subfield>
    <subfield code="b">Noida </subfield>
    <subfield code="e">201301</subfield>
  </datafield>
  <datafield tag="300" ind1=" " ind2=" ">
    <subfield code="c">25cm(pbk)</subfield>
    <subfield code="a">1042p. :</subfield>
    <subfield code="b">ill.</subfield>
  </datafield>
  <datafield tag="700" ind1=" " ind2=" ">
    <subfield code="a">Audesirk, Teresa </subfield>
  </datafield>
  <datafield tag="700" ind1=" " ind2=" ">
    <subfield code="a">Byers, Bruce E.</subfield>
  </datafield>
  <datafield tag="942" ind1=" " ind2=" ">
    <subfield code="c">EN</subfield>
    <subfield code="2">ddc</subfield>
    <subfield code="m">AUD</subfield>
    <subfield code="h">570</subfield>
  </datafield>
  <datafield tag="952" ind1=" " ind2=" ">
    <subfield code="0">0</subfield>
    <subfield code="1">0</subfield>
    <subfield code="4">0</subfield>
    <subfield code="7">1</subfield>
    <subfield code="8">NFIC</subfield>
    <subfield code="a">DBAD</subfield>
    <subfield code="b">DBAD</subfield>
    <subfield code="d">2017-12-08</subfield>
    <subfield code="e">DBAD/PUB</subfield>
    <subfield code="g">989.00</subfield>
    <subfield code="l">0</subfield>
    <subfield code="o">570 AUD</subfield>
    <subfield code="p">EN-105327</subfield>
    <subfield code="r">2017-12-08 00:00:00</subfield>
    <subfield code="t">1</subfield>
    <subfield code="v">959.00</subfield>
    <subfield code="y">EN</subfield>
  </datafield>
  <datafield tag="952" ind1=" " ind2=" ">
    <subfield code="0">0</subfield>
    <subfield code="1">0</subfield>
    <subfield code="4">0</subfield>
    <subfield code="7">0</subfield>
    <subfield code="8">NFIC</subfield>
    <subfield code="a">L</subfield>
    <subfield code="b">L</subfield>
    <subfield code="d">2018-02-05</subfield>
    <subfield code="e">BSB/299/1.12.2017/BPPB/EN/2017-18/641/20.11.17/14.12.2017</subfield>
    <subfield code="g">989.00</subfield>
    <subfield code="l">19</subfield>
    <subfield code="m">6</subfield>
    <subfield code="o">570 AUD</subfield>
    <subfield code="p">B-683946</subfield>
    <subfield code="r">2022-04-05 00:00:00</subfield>
    <subfield code="s">2022-03-22</subfield>
    <subfield code="t">1</subfield>
    <subfield code="v">989.00</subfield>
    <subfield code="y">EN</subfield>
  </datafield>
  <datafield tag="952" ind1=" " ind2=" ">
    <subfield code="0">0</subfield>
    <subfield code="1">0</subfield>
    <subfield code="4">0</subfield>
    <subfield code="7">0</subfield>
    <subfield code="8">NFIC</subfield>
    <subfield code="a">AV</subfield>
    <subfield code="b">AV</subfield>
    <subfield code="d">2018-02-05</subfield>
    <subfield code="e">BSB/299/1.12.2017/BPPB/EN/2017-18/641/20.11.17/14.12.2017</subfield>
    <subfield code="g">989.00</subfield>
    <subfield code="l">1</subfield>
    <subfield code="o">570 AUD</subfield>
    <subfield code="p">B-683947</subfield>
    <subfield code="r">2023-05-10 00:00:00</subfield>
    <subfield code="s">2023-04-26</subfield>
    <subfield code="t">1</subfield>
    <subfield code="v">989.00</subfield>
    <subfield code="y">EN</subfield>
  </datafield>
  <datafield tag="952" ind1=" " ind2=" ">
    <subfield code="0">0</subfield>
    <subfield code="1">0</subfield>
    <subfield code="4">0</subfield>
    <subfield code="7">0</subfield>
    <subfield code="8">NFIC</subfield>
    <subfield code="a">BL1</subfield>
    <subfield code="b">BL1</subfield>
    <subfield code="d">2018-02-05</subfield>
    <subfield code="e">BSB/299/1.12.2017/BPPB/EN/2017-18/641/20.11.17/14.12.2017</subfield>
    <subfield code="g">989.00</subfield>
    <subfield code="l">9</subfield>
    <subfield code="m">3</subfield>
    <subfield code="o">570 AUD</subfield>
    <subfield code="p">B-683948</subfield>
    <subfield code="r">2024-10-11 00:00:00</subfield>
    <subfield code="s">2024-10-01</subfield>
    <subfield code="t">1</subfield>
    <subfield code="v">989.00</subfield>
    <subfield code="y">EN</subfield>
  </datafield>
  <datafield tag="952" ind1=" " ind2=" ">
    <subfield code="0">0</subfield>
    <subfield code="1">0</subfield>
    <subfield code="4">0</subfield>
    <subfield code="7">0</subfield>
    <subfield code="8">NFIC</subfield>
    <subfield code="a">JP</subfield>
    <subfield code="b">JP</subfield>
    <subfield code="d">2018-02-05</subfield>
    <subfield code="e">BSB/299/1.12.2017/BPPB/EN/2017-18/641/20.11.17/14.12.2017</subfield>
    <subfield code="g">989.00</subfield>
    <subfield code="l">15</subfield>
    <subfield code="m">9</subfield>
    <subfield code="o">570 AUD</subfield>
    <subfield code="p">B-683949</subfield>
    <subfield code="r">2022-07-08 00:00:00</subfield>
    <subfield code="s">2022-06-08</subfield>
    <subfield code="t">1</subfield>
    <subfield code="v">989.00</subfield>
    <subfield code="y">EN</subfield>
  </datafield>
  <datafield tag="952" ind1=" " ind2=" ">
    <subfield code="0">0</subfield>
    <subfield code="1">0</subfield>
    <subfield code="4">0</subfield>
    <subfield code="7">0</subfield>
    <subfield code="8">NFIC</subfield>
    <subfield code="a">ZLS</subfield>
    <subfield code="b">ZLS</subfield>
    <subfield code="d">2018-02-05</subfield>
    <subfield code="e">BSB/299/1.12.2017/BPPB/EN/2017-18/641/20.11.17/14.12.2017</subfield>
    <subfield code="g">989.00</subfield>
    <subfield code="l">10</subfield>
    <subfield code="m">7</subfield>
    <subfield code="o">570 AUD</subfield>
    <subfield code="p">B-683950</subfield>
    <subfield code="r">2020-11-09 00:00:00</subfield>
    <subfield code="s">2020-11-02</subfield>
    <subfield code="t">1</subfield>
    <subfield code="v">989.00</subfield>
    <subfield code="y">EN</subfield>
  </datafield>
  <datafield tag="952" ind1=" " ind2=" ">
    <subfield code="0">0</subfield>
    <subfield code="1">0</subfield>
    <subfield code="4">0</subfield>
    <subfield code="7">0</subfield>
    <subfield code="8">NFIC</subfield>
    <subfield code="a">NR</subfield>
    <subfield code="b">NR</subfield>
    <subfield code="d">2018-02-05</subfield>
    <subfield code="e">BSB/299/1.12.2017/BPPB/EN/2017-18/641/20.11.17/14.12.2017</subfield>
    <subfield code="g">989.00</subfield>
    <subfield code="l">0</subfield>
    <subfield code="o">570 AUD</subfield>
    <subfield code="p">B-683951</subfield>
    <subfield code="r">2018-02-05 00:00:00</subfield>
    <subfield code="t">1</subfield>
    <subfield code="v">989.00</subfield>
    <subfield code="y">EN</subfield>
  </datafield>
  <datafield tag="952" ind1=" " ind2=" ">
    <subfield code="0">0</subfield>
    <subfield code="1">0</subfield>
    <subfield code="4">0</subfield>
    <subfield code="7">0</subfield>
    <subfield code="8">NFIC</subfield>
    <subfield code="a">BN</subfield>
    <subfield code="b">BN</subfield>
    <subfield code="d">2018-02-05</subfield>
    <subfield code="e">BSB/299/1.12.2017/BPPB/EN/2017-18/641/20.11.17/14.12.2017</subfield>
    <subfield code="g">989.00</subfield>
    <subfield code="l">3</subfield>
    <subfield code="o">570 AUD</subfield>
    <subfield code="p">B-683952</subfield>
    <subfield code="r">2023-12-27 00:00:00</subfield>
    <subfield code="s">2023-12-14</subfield>
    <subfield code="t">1</subfield>
    <subfield code="v">989.00</subfield>
    <subfield code="y">EN</subfield>
  </datafield>
  <datafield tag="952" ind1=" " ind2=" ">
    <subfield code="0">0</subfield>
    <subfield code="1">0</subfield>
    <subfield code="4">0</subfield>
    <subfield code="7">0</subfield>
    <subfield code="8">NFIC</subfield>
    <subfield code="a">MP</subfield>
    <subfield code="b">MP</subfield>
    <subfield code="d">2019-12-10</subfield>
    <subfield code="e">Gift/ Eng./13.11.2019</subfield>
    <subfield code="g">989.00</subfield>
    <subfield code="l">0</subfield>
    <subfield code="o">570 AUD</subfield>
    <subfield code="p">B-731110</subfield>
    <subfield code="r">2019-12-10 00:00:00</subfield>
    <subfield code="t">1</subfield>
    <subfield code="v">989.00</subfield>
    <subfield code="w">2019-12-10</subfield>
    <subfield code="y">EN</subfield>
  </datafield>
</record>
